Hľadaj schované sloníčatá (Record no. 22470)
[ view plain ]
| 000 -LEADER | |
|---|---|
| fixed length control field | 00359nam a22001457a 4500 |
| 001 - CONTROL NUMBER | |
| control field | 22470 |
| 005 - DATE AND TIME OF LATEST TRANSACTION | |
| control field | 20260330103907.0 |
| 008 - FIXED-LENGTH DATA ELEMENTS--GENERAL INFORMATION | |
| fixed length control field | 260330b |||||||| |||| 00| 0 slo d |
| 020 ## - INTERNATIONAL STANDARD BOOK NUMBER | |
| International Standard Book Number | 9788081250293 |
| Qualifying information | leporelá |
| 040 ## - CATALOGING SOURCE | |
| Language of cataloging | slo |
| 245 ## - TITLE STATEMENT | |
| Title | Hľadaj schované sloníčatá |
| 260 ## - PUBLICATION, DISTRIBUTION, ETC. | |
| Place of publication, distribution, etc. | Bratislava |
| Name of publisher, distributor, etc. | Junior |
| Date of publication, distribution, etc. | 2011 |
| 655 ## - INDEX TERM--GENRE/FORM | |
| Genre/form data or focus term | leporelá |
| 942 ## - ADDED ENTRY ELEMENTS (KOHA) | |
| Source of classification or shelving scheme | Dewey Decimal Classification |
| Koha item type | Krásna literatúra pre deti |
| Suppress in OPAC | No |
| Stav vyradenia | Strata | Poškodenie | Spôsob nadobudnutia | Domovská knižnica | Aktuálna knižnica | Dátum nadobudnutia | Total checkouts | Čiarový kód exemplára | Date last seen | Typ exemplára |
|---|---|---|---|---|---|---|---|---|---|---|
| Dar | Obecná knižnica Turčianska Štiavnička | Obecná knižnica Turčianska Štiavnička | 31.03.2026 | 4738000795 | 31.03.2026 | Krásna literatúra pre deti |
